<?xml version="1.0" encoding="UTF-8"?><?xml-stylesheet type="text/xsl" href="static/style.xsl"?><OAI-PMH xmlns="http://www.openarchives.org/OAI/2.0/" xmlns:xsi="http://www.w3.org/2001/XMLSchema-instance" xsi:schemaLocation="http://www.openarchives.org/OAI/2.0/ http://www.openarchives.org/OAI/2.0/OAI-PMH.xsd"><responseDate>2026-06-01T22:06:56Z</responseDate><request verb="GetRecord" identifier="oai:riuma.uma.es:10630/14329" metadataPrefix="marc">https://riuma.uma.es/rest/oai/request</request><GetRecord><record><header><identifier>oai:riuma.uma.es:10630/14329</identifier><datestamp>2026-02-03T12:25:48Z</datestamp><setSpec>com_10630_2254</setSpec><setSpec>col_10630_37959</setSpec></header><metadata><record xmlns="http://www.loc.gov/MARC21/slim" xmlns:dcterms="http://purl.org/dc/terms/" xmlns:doc="http://www.lyncode.com/xoai" xmlns:xsi="http://www.w3.org/2001/XMLSchema-instance" xsi:schemaLocation="http://www.loc.gov/MARC21/slim http://www.loc.gov/standards/marcxml/schema/MARC21slim.xsd">
   <leader>00925njm 22002777a 4500</leader>
   <datafield ind2=" " ind1=" " tag="042">
      <subfield code="a">dc</subfield>
   </datafield>
   <datafield ind2=" " ind1=" " tag="720">
      <subfield code="a">Ladrón de Guevara-Miranda, David</subfield>
      <subfield code="e">author</subfield>
   </datafield>
   <datafield ind2=" " ind1=" " tag="720">
      <subfield code="a">Sánchez-Marín, Laura</subfield>
      <subfield code="e">author</subfield>
   </datafield>
   <datafield ind2=" " ind1=" " tag="720">
      <subfield code="a">Alén, Francisco</subfield>
      <subfield code="e">author</subfield>
   </datafield>
   <datafield ind2=" " ind1=" " tag="720">
      <subfield code="a">Moreno-Fernández, Román D.</subfield>
      <subfield code="e">author</subfield>
   </datafield>
   <datafield ind2=" " ind1=" " tag="720">
      <subfield code="a">García-Fernández, María Inmaculada</subfield>
      <subfield code="e">author</subfield>
   </datafield>
   <datafield ind2=" " ind1=" " tag="720">
      <subfield code="a">Gil Rodríguez, Sara</subfield>
      <subfield code="e">author</subfield>
   </datafield>
   <datafield ind2=" " ind1=" " tag="720">
      <subfield code="a">Gavito, Ana L.</subfield>
      <subfield code="e">author</subfield>
   </datafield>
   <datafield ind2=" " ind1=" " tag="720">
      <subfield code="a">García-Marchena, Nuria</subfield>
      <subfield code="e">author</subfield>
   </datafield>
   <datafield ind2=" " ind1=" " tag="720">
      <subfield code="a">Pedraza-Benítez, María del Carmen</subfield>
      <subfield code="e">author</subfield>
   </datafield>
   <datafield ind2=" " ind1=" " tag="720">
      <subfield code="a">Pavón-Morón, Francisco Javier</subfield>
      <subfield code="e">author</subfield>
   </datafield>
   <datafield ind2=" " ind1=" " tag="720">
      <subfield code="a">Rodriguez-de-Fonseca, Fernando</subfield>
      <subfield code="e">author</subfield>
   </datafield>
   <datafield ind2=" " ind1=" " tag="720">
      <subfield code="a">Santín-Núñez, Luis Javier</subfield>
      <subfield code="e">author</subfield>
   </datafield>
   <datafield ind2=" " ind1=" " tag="720">
      <subfield code="a">Serrano, Antonia</subfield>
      <subfield code="e">author</subfield>
   </datafield>
   <datafield ind2=" " ind1=" " tag="720">
      <subfield code="a">Castilla-Ortega, María Estela</subfield>
      <subfield code="e">author</subfield>
   </datafield>
   <datafield ind2=" " ind1=" " tag="260">
      <subfield code="c">2017-07-24</subfield>
   </datafield>
   <datafield ind2=" " ind1=" " tag="520">
      <subfield code="a">Aims. The lysophosphatidic acid (LPA) is an ubiquitous lysophospholipid that&#xd;
acts through G-protein coupled receptors (LPA1-6), and it is involved in the&#xd;
modulation of emotional and motivational behaviors. Recent literature suggests&#xd;
a relevant role of the LPA signaling system in alcoholism, specially through the&#xd;
LPA1 receptor. This work aims to elucidate whether systemic LPA1/3 receptor&#xd;
blockade with ki16425 would modulate ethanol effects on the brain and behavior.&#xd;
Methods. This study consisted of four experiments assessing the effect of&#xd;
intraperitoneal ki16425 administration (20 mg/kg) on ethanol-related behaviors.&#xd;
Male Wistar rats or mice (Swiss, C57BL/6J or hybrid C57BL/6J×129X1/SvJ&#xd;
background) were employed in various procedures: I) oral ethanol selfadministration;&#xd;
II) loss of righting reflex; III) ethanol-induced conditioned place&#xd;
preference (CPP) and IV) ethanol-withdrawal behavioral symptoms (by&#xd;
assessing nest building, physical signs and spatial working memory).&#xd;
Immunohistochemistry was carried out in order to evaluate basal neuronal activity&#xd;
(c-Fos) in the medial prefrontal cortex (mPFC) and in the hippocampus, as well&#xd;
as adult hippocampal neurogenesis (AHN) using proliferating cell nuclear antigen&#xd;
(PCNA) and doublecortin (DCX) markers.&#xd;
Results. Systemic Ki16425 administration reduced oral self-administration of&#xd;
ethanol in previously trained rats. Likewise, ki16425 pretreatment in mice&#xd;
attenuated the sedation induced by ethanol, blocked ethanol rewarding effect in&#xd;
a CPP paradigm and reduced behavioral symptoms induced by ethanol&#xd;
withdrawal. Immunohistochemistry revealed a protective effect of ki16425 against&#xd;
ethanol actions on basal neuronal activity in the mPFC and on AHN.&#xd;
Conclusions. Our results suggest a potential usefulness of systemic LPA1/3&#xd;
receptors antagonists as a novel treatment for alcohol-related disorders.</subfield>
   </datafield>
   <datafield ind1="8" ind2=" " tag="024">
      <subfield code="a">http://hdl.handle.net/10630/14329</subfield>
   </datafield>
   <datafield tag="653" ind2=" " ind1=" ">
      <subfield code="a">Hipocampo (Cerebro)</subfield>
   </datafield>
   <datafield ind2="0" ind1="0" tag="245">
      <subfield code="a">LPA1/3 receptor antagonist KI16425 as a novel treatment for the neurobehavioural effects of the ethanol</subfield>
   </datafield>
</record>
</metadata></record></GetRecord></OAI-PMH>